Biblioteca

Exclusivism, tolerance, and truth (Registro nro. 70244)

Detalles MARC
000 -LÍDER
Campo fijo de descripción fija 01458nab a2200229 i 4500
001 - NÚMERO DE CONTROL
Campo de control 768714001
003 - IDENTIFICADOR DEL NÚMERO DE CONTROL
Campo de control CO-MdFUSB
005 - FECHA Y HORA DE LA ULTIMA TRANSACCIÓN
control field 20240618111247.0
008 - ELEMENTOS DE LONGITUD FIJA -- INFORMACIÓN GENERAL
Campo fijo de descripción fija -- Información general 240618t1987 us ||||| |||| 00| 0 eng d
040 ## - FUENTE DE CATALOGACIÓN
Idioma de catalogación spa
Agencia que realiza la transcripción CO-MdFUSB
Agencia que realiza la modificación CO-MdFUSB
041 ## - CÓDIGO DE IDIOMA
Código de idioma para texto/pista de sonido o título separado spa
100 1# - ASIENTO PRINCIPAL--NOMBRE PERSONAL
Nombre personal Netland, Harold A.
Fechas asociadas con el nombre 1955-
Término relacionador autor
245 ## - TÍTULO
Título Exclusivism, tolerance, and truth
Mención de responsabilidad / Harold A. Netland
520 ## - NOTA DE RESUMEN, ETC.
Nota de sumario, etc. El exclusivismo cristiano ha sido objeto de ataques cada vez más duros por ser supuestamente indefendible en nuestro mundo religiosamente pluralista. En este ensayo se examinan críticamente varios argumentos influyentes contra el exclusivismo (argumentos que afirman que el exclusivismo debe rechazarse porque es inherentemente intolerante o porque se basa en nociones erróneas de la verdad religiosa) y se demuestra que son deficientes. El autor concluye que si queremos tener una visión de la relación entre religiones que sea epistemológicamente sólida y retrate con precisión los valores y creencias de las respectivas religiones, algo así como el exclusivismo cristiano tradicional es inevitable.
546 ## - NOTA DE IDIOMA
Nota de idioma Texto en inglés.
650 #7 - ASIENTO SECUNDARIO DE MATERIA - TERMINO TEMÁTICO
Término temático o nombre geográfico como elemento de entrada Religiones
9 (RLIN) 386
650 #7 - ASIENTO SECUNDARIO DE MATERIA - TERMINO TEMÁTICO
Término temático o nombre geográfico como elemento de entrada Iglesia
9 (RLIN) 655
650 #0 - ASIENTO SECUNDARIO DE MATERIA - TERMINO TEMÁTICO
Término temático o nombre geográfico como elemento de entrada Cristianismo y otras religiones
9 (RLIN) 1247
773 0# - ASIENTO DE ITEM FUENTE
Biblionumber 49486
Itemnumber 82775
Lugar, editorial y fecha de publicación Pasadena
Otro identificador del ítem R2650
Título Missiology:
Número de control del registro (CO-MdFUSB)97
Parte(s) relacionada(s) / Volumen., número. (mes año), páginas Volumen 15, (número 2, 1987 ) páginas: 77 - 95
Enumeración y primera página página: 77
942 ## - TIPO DE MATERIAL (KOHA)
Tipo de Item KOHA Artículos de Revista
945 ## - INFORMACIÓN LOCAL DEL REGISTRO
Catalogador Catherine Arias Álvarez - Practicante SENA

No hay ítems disponibles.

Biblioteca FUSBC | Teléfono: (57+4) 349 88 10 Ext. 141| WhatsApp (+57) 3005338115 
E-mail: biblioteca@unisbc.edu.co | Calle 76 87-14 Robledo Palenque, Medellín, Colombia

Con tecnología Koha